|
|
|
|
| LEADER |
00000cas a2200000 a 4500 |
| 001 |
vtls010302350 |
| 003 |
SK-MaSNL |
| 005 |
20260228161812.0 |
| 008 |
141119d19581959xo mr|p 0 b0slo |
| 040 |
|
|
|a SNK
|b slo
|c SNK
|e AACR2
|
| 041 |
0 |
|
|a slo
|
| 043 |
|
|
|a e-xo---
|
| 044 |
|
|
|a xo
|c SK
|
| 072 |
|
7 |
|a 622
|x Baníctvo
|2 konspekt
|
| 072 |
|
7 |
|a 070
|x Noviny. Tlač. Žurnalistika
|2 konspekt
|
| 080 |
|
|
|a 050
|2 2001
|
| 080 |
|
|
|a 622.012.2
|2 2001
|
| 080 |
|
|
|a 622.23.05
|2 2001
|
| 080 |
|
|
|a 622.41
|2 2001
|
| 080 |
|
|
|a 622.87
|2 2001
|
| 245 |
0 |
0 |
|a Štiavnický baník
|b závodný časopis Rudných baní n. p. Banská Štiavnica
|
| 260 |
|
|
|a Banská Štiavnica
|b ZO KSS
|c 1958-1959
|
| 300 |
|
|
|a 2 roč.
|c 43 cm
|
| 310 |
|
|
|a 1x mesačne
|
| 362 |
0 |
|
|a Roč. VI, č. 1 (1958)-roč. VII, č. 12 (1959)
|
| 500 |
|
|
|a Vyd. celozávodný výbor ZO KSS, závodná skupina ROH a závodná správa n. p. Rudné bane v Banskej Štiavnici
|
| 500 |
|
|
|a Tlač. Pohronské tlačiarne, prev. vo Zvolene, od č. 4 (apr. 1958) Tlačiarne SNP v Martine, prev. vo Zvolene
|
| 500 |
|
|
|a Nadviazal na časopis Nový baník. Od januára 1960 pokračoval ako Život baníka
|
| 500 |
|
|
|a Zodp. red.: 1958-1959, Michal Ivanič
|
| 610 |
2 |
7 |
|a Rudné bane (Banská Štiavnica, Slovensko)
|2 SNKKA
|9 269600
|
| 650 |
0 |
7 |
|a baníctvo
|2 SNKPH
|9 3571
|
| 650 |
0 |
7 |
|a banské stroje
|2 SNKPH
|9 105556
|
| 655 |
|
7 |
|a podnikové časopisy
|2 SNKPH
|9 265225
|
| 700 |
1 |
|
|a Ivanič, Michal
|4 lso
|9 267328
|
| 780 |
0 |
0 |
|t Nový baník
|w vtls010301795
|
| 785 |
0 |
0 |
|t Život baníka
|w vtls008882708
|
| 910 |
|
|
|a snk
|
| 916 |
|
|
|a 1958-1959
|
| 999 |
|
|
|c 6071
|d 8001
|
| 952 |
|
|
|0 0
|1 0
|4 0
|7 0
|a SNK
|b SNK
|d 2003-11-06
|f 1
|i snkČSP 998/60
|l 0
|o snkČSB 903/7/1959
|p 17A0400450
|r 2005-01-02 00:00:00
|t č. 1-12
|w 2026-02-21
|y PREZ
|
| 952 |
|
|
|0 0
|1 0
|4 0
|7 0
|a SNK
|b SNK
|d 2003-11-06
|f 1
|i snkČSP 744/59
|l 0
|o snkČSB 903/6/1958
|p 17A0400538
|r 2005-01-02 00:00:00
|t č. 1-12
|w 2026-02-21
|y PREZ
|
| 952 |
|
|
|0 0
|1 0
|4 0
|7 0
|a SNK
|b SNK
|d 2003-11-06
|l 0
|o snkČSB 903/6/1958 D1
|p 17A0400608
|r 2005-01-02 00:00:00
|t č. 1-12
|w 2026-02-21
|y PREZ
|
| 952 |
|
|
|0 0
|1 0
|4 0
|7 0
|a SNK
|b SNK
|d 2003-11-06
|l 0
|o snkČSB 903/7/1959 D1
|p 17A0400468
|r 2005-01-02 00:00:00
|t č. 1-12
|w 2026-02-21
|y PREZ
|